1356 1005 1292 1679 1460 1585 1973 1739 1071 1794 1542 1943 1928 1055 1890 1283 1346 1106 1107 1183 1567 1747 1162 1177 1970 1745 1353 1124 1940 1721 1464 1074 1291 1448 1967 1967 1399 1071 1197 1795 1219 1679 1227 1853 1984 1995 1577 1258 1250 1268 1338 1750 1948 1299 1070 1312 1634 1862 1795 1027 1289 1227 1091 1735 1191 1558 1237 1267 1129 1331 1661 1489 1635 1155 1065 1209 1205 1220 1921 1638 1959 1642 1504 1382 1475 1832 1356 1430 1672 1421 1769 1092 1065 1270 1268 1099 1104 1423 1650 BCNSPRNW ULIB Ver.6.0+V

เปลี่ยนเป็นภาษาไทย

Change to English
 แสดงรายละเอียดบรรณานุกรม
  กลับหน้าหลัก

Brief Record : Get Marc (ISO 2709) : E-mail record : QR code < ปิดหน้าต่าง
LEADER : 00000nam 2200000uu 4500
001    13399112409
003     ULIB
008    110627s2552||||th 000 0 tha d
020    9786167078038
090    นว.^bภ418W 2552
100 0  ภาคินัย
245 00 Ward ห้องคลอดมรณะ/^cภาคินัย
250    พิมพ์ครั้งที่ 1
260    กรุงเทพฯ :^bโซฟา พับลิชชิ่ง,^c2552
300    219 หน้า
710 1  โซฟา พับลิชชิ่ง
945    ^p179^l0^i026769
995    ทศพร
999 ^a ใช้งานได้ทุกระบบ
รายการนี้ยังไม่มีแท็ก
คุณยังไม่ได้ล็อกอิน คุณสามารถมีกิจกรรมร่วมกับเว็บไซต์ได้ แต่ต้องล็อกอินก่อน ::
  ล็อกอิน

รายการสื่อสารสนเทศ

ลำดับที่ ประเภท เลขเรียก/บาร์โค้ด สถานที่ สถานะ
- ไม่พบข้อมูล -

รายการใกล้เคียง
    ผู้แต่ง [ภาคินัย]

BibComment


ยังไม่เคยถูกคอมเมนท์

คอมเมนท์ทรัพยากรรายการนี้
  คอมเมนท์: Ward ห้องคลอดมรณะ..


 Copyright 2026. Bcnsprnw @Library